Les 50 plus gros succès du cinéma en France - Statistiques

Statistiques générales
  • Ce quiz a été pris 556 fois
  • Le résultat moyen est 9 sur 50
Statistiques - réponses
Rang Film Année de sortie Pays % Correct
1 Titanic 1997 🇺🇸
89%
3 Intouchables 2011 🇫🇷
77%
2 Bienvenue chez les Ch'tis 2008 🇫🇷
76%
6 Avatar 2009 🇺🇸
73%
4 La Grande Vadrouille 1966 🇫🇷 🇬🇧
62%
11 Les Visiteurs 1993 🇫🇷
39%
15 Qu'est-ce qu'on a fait au Bon Dieu ? 2014 🇫🇷
39%
8 Astérix et Obélix : Mission Cléopâtre 2002 🇫🇷 🇩🇪
36%
18 Le Corniaud 1965 🇫🇷 🇮🇹 🇪🇸
31%
33 Le Dîner de cons 1998 🇫🇷
22%
24 Le Roi lion (1994) 1994 🇺🇸
22%
25 Le Roi lion (2019) 2019 🇺🇸
22%
50 E.T. l'extra-terrestre 1982 🇺🇸
21%
7 Autant en emporte le vent 1950 🇺🇸
20%
43 Le Fabuleux Destin d'Amélie Poulain 2001 🇫🇷 🇩🇪
19%
36 Le Grand Bleu 1988 🇫🇷 🇺🇸 🇮🇹
19%
5 Il était une fois dans l'Ouest 1968 🇮🇹 🇺🇸
18%
10 Ben-Hur 1960 🇺🇸
16%
20 Les Bronzés 3 : Amis pour la vie 2006 🇫🇷
16%
31 Harry Potter à l'école des sorciers 2001 🇺🇸 🇬🇧
14%
46 Rien à déclarer 2011 🇫🇷 🇧🇪
14%
22 Taxi 2 2000 🇫🇷
14%
34 Harry Potter et la Chambre des secrets 2002 🇺🇸 🇬🇧
13%
16 Le Jour le plus long 1962 🇺🇸
11%
17 Cendrillon 1950 🇺🇸
10%
44 Les Choristes 2004 🇫🇷 🇨🇭 🇩🇪
10%
19 Star Wars, épisode VII : Le Réveil de la Force 2015 🇺🇸
10%
48 Les Couloirs du temps : Les Visiteurs 2 1998 🇫🇷
9%
41 West Side Story 1962 🇺🇸
9%
13 Le Petit Monde de don Camillo 1952 🇫🇷 🇮🇹
8%
26 Les Misérables 1957 🇫🇷 🇩🇪 🇮🇹
8%
49 Le Dictateur 1945 🇺🇸
6%
12 Le Pont de la rivière Kwaï 1957 🇺🇸 🇬🇧
6%
9 Les Dix Commandements 1956 🇺🇸
6%
37 Astérix et Obélix contre César 1999 🇫🇷 🇩🇪 🇮🇹
5%
27 La Guerre des boutons 1962 🇫🇷
5%
21 Trois hommes et un couffin 1985 🇫🇷
5%
39 La Vache et le Prisonnier 1959 🇫🇷
4%
32 Le Monde de Nemo 2003 🇺🇸
4%
38 Emmanuelle 1974 🇫🇷
3%
40 La Grande Evasion 1963 🇺🇸
3%
35 L'Ours 1988 🇫🇷
3%
14 La Grande Illusion 1947 🇫🇷
2%
28 Le Docteur Jivago 1966 🇺🇸 🇮🇹
2%
23 Les Canons de Navarone 1961 🇬🇧 🇺🇸
1%
42 Le Bataillon du ciel 1947 🇫🇷
0%
45 Pour qui sonne le glas 1947 🇺🇸
0%
30 Sous le plus grand chapiteau du monde 1952 🇺🇸
0%
29 Vingt mille lieues sous les mers 1954 🇺🇸
0%
47 Violettes Impériales 1952 🇫🇷
0%
Aucun quiz correspondant
Distribution des résultats
% des personnes avec chaque résultat
Percentile par nombre de réponses
Votre historique - résultats
Vous n’avez pas pris ce quiz